The Oxford Handbook of International Law and Development
Salvato in:
| Autore principale: | |
|---|---|
| Natura: | Libro |
| Pubblicazione: |
OUP
|
| Tags: |
Nessun Tag, puoi essere il primo ad aggiungerne!!
|
MARC
| LEADER | 00000nam a2200000Ia 4500 | ||
|---|---|---|---|
| 005 | 20260513122055.0 | ||
| 020 | |a 9780192867360 | ||
| 100 | |a Buchanan | ||
| 365 | |c £ | ||
| 365 | |b 20.00 | ||
| 942 | |c BK | ||
| 245 | |a The Oxford Handbook of International Law and Development | ||
| 260 | |b OUP | ||
| 999 | |c 121 |d 121 | ||
| 952 | |0 0 |1 0 |4 0 |7 0 |a UNSW |b UNSW |d 2026-05-06 |g 152.50 |i 16683 |l 0 |p 000068 |r 2026-05-13 12:20:55 |v 152.50 |w 2026-05-13 |y BK | ||